Normal view MARC view
  • United Kingdom

Entry Corporate Name

Number of records used in: 5

001 - CONTROL NUMBER

  • control field: 5697

003 - CONTROL NUMBER IDENTIFIER

  • control field: SIRSI

005 - DATE AND TIME OF LATEST TRANSACTION

  • control field: 20190806150245.0

008 - FIXED-LENGTH DATA ELEMENTS

  • fixed length control field: 090216n| acannaabn |n ana d

040 ## - CATALOGING SOURCE

  • Original cataloging agency: OSt
  • Transcribing agency: OSt

110 2# - HEADING--CORPORATE NAME

  • Corporate name or jurisdiction name as entry element: United Kingdom
  • Subordinate unit: Department for Energy and Climate Change

670 ## - SOURCE DATA FOUND

  • Source citation: Heat and energy saving strategy, 2009